000 00722nam a2200289Ia 4500
005 20260324122943.0
008 008 260324s9999 xx 000 0 eng d
020 _a9780429185373
037 _aEBOOK
040 _aCRL
040 _beng
040 _cCRL
041 _2eng
041 _aeng
084 _qCRL
100 _aZouheir Trabelsi; Arwa Al Braiki; Kadhim Hayawi; Sujith Samuel Mathew
_91168466
245 0 _aNetwork Attacks and Defenses
245 2 _bA Hands-on Approach
260 _bTaylor and Francis
260 _c2012
365 _a
365 _b195
856 _uhttp://www.taylorfrancis.com/books/9780429185373
942 _cEBOOK
999 _c1761563
_d1761563